[Event "BRA-ch U18 Girls"]
[Site "Juiz de Fora"]
[Date "2019.04.21"]
[Round "5"]
[White "Queiroz, Maria Becker"]
[Black "Lucca, Amalia Sayuri Takas"]
[Result "0-1"]
[WhiteElo "1520"]
[BlackElo "1355"]
[PlyCount "52"]
[EventDate "2019.04.19"]
[EventType "tourn"]
[EventRounds "5"]
[EventCountry "BRA"]
[SourceTitle "CBM 190 Extra"]
[Source "ChessBase"]
[SourceDate "2019.07.15"]
[SourceVersion "1"]
[SourceVersionDate "2019.07.15"]
[SourceQuality "1"]

1. e4 e5 2. Nf3 Nc6 3. Bb5 d6 4. d3 Bd7 5. c3 Nf6 6. Nbd2 d5 7. exd5 Nxd5 8. Bxc6 Bxc6 9. Nxe5 Qe7 10. Qe2 Nf4 11. Qg4 Qxe5+ 12. Ne4 Nxd3+ 13. Kf1 Bxe4 14. f3 Bf5 15. Qg3 Qxg3 16. hxg3 Nxc1 17. Rxc1 Bd3+ 18. Ke1 Bd6 19. Kd2 Bf5 20. Rce1+ Be6 21. f4 Rd8 22. Kc1 0-0 23. a3 Bb3 24. Rh5 Rfe8 25. Reh1 c5 26. Rf1 b5 0-1

[Event "BRA-ch U16 Girls"]
[Site "Itajai"]
[Date "2017.06.03"]
[Round "5"]
[White "Queiroz, Maria Becker"]
[Black "Andrade, Ana Laura Dahmer De"]
[Result "1/2-1/2"]
[WhiteElo "1476"]
[BlackElo "1440"]
[PlyCount "119"]
[EventDate "2017.06.01"]
[EventType "swiss"]
[EventRounds "6"]
[EventCountry "BRA"]
[SourceTitle "CBM 179 Extra"]
[Source "ChessBase"]
[SourceDate "2017.08.23"]
[SourceVersion "1"]
[SourceVersionDate "2017.08.23"]
[SourceQuality "1"]

1. e4 c5 2. Nf3 d6 3. d4 cxd4 4. Nxd4 Nf6 5. Nc3 a6 6. Be2 e5 7. Nf3 Be6 8. Bg5 Be7 9. 0-0 Nbd7 10. Qd2 b5 11. a3 Rb8 12. Rfd1 Qc7 13. h3 Qb7 14. Qe3 Qb6 15. Nd5 Bxd5 16. exd5 Qxe3 17. Bxe3 Nb6 18. Bxb6 Rxb6 19. Rac1 0-0 20. b4 Rc8 21. c4 bxc4 22. Bxc4 Kf8 23. Bb3 Rbb8 24. Kf1 Ke8 25. Ke2 Kd8 26. Nd2 Nd7 27. Rc2 Rxc2 28. Bxc2 h6 29. Rc1 Rc8 30. Kd1 Nb6 31. Bb3 g5 32. Rxc8+ Kxc8 33. Kc2 Kb7 34. Kd3 f5 35. f3 h5 36. g4 hxg4 37. fxg4 e4+ 38. Ke3 fxg4 39. hxg4 Bf6 40. Nxe4 Be7 41. Nf2 Nd7 42. Ke4 Ne5 43. Kf5 Nf3 44. Bd1 Nd4+ 45. Kg6 Nb5 46. Ne4 Nxa3 47. Nxg5 Kb6 48. Ba4 Nc4 49. Ne4 Ne3 50. g5 Nxd5 51. Kf7 Bxg5 52. Nxg5 Nxb4 53. Ke6 d5 54. Be8 Kc5 55. Nf3 a5 56. Nd2 Kb6 57. Nb3 Ka6 58. Ke5 Kb6 59. Nxa5 Kxa5 60. Bf7 1/2-1/2

[Event "Sao Paulo op-C U1700 6th"]
[Site "Sao Paulo"]
[Date "2017.04.16"]
[Round "6"]
[White "Queiroz, Maria Becker"]
[Black "Castro Vasconcelos, Jairo Sergio"]
[Result "1/2-1/2"]
[WhiteElo "1428"]
[BlackElo "1600"]
[PlyCount "116"]
[EventDate "2017.04.14"]
[EventType "swiss"]
[EventRounds "6"]
[EventCountry "BRA"]
[SourceTitle "EXT 2019"]
[Source "ChessBase"]
[SourceDate "2018.10.10"]
[SourceVersion "1"]
[SourceVersionDate "2018.10.10"]
[SourceQuality "1"]

1. e4 e5 2. Nf3 Nc6 3. Bb5 a6 4. Ba4 Nf6 5. d3 d6 6. c3 Be7 7. 0-0 0-0 8. Nbd2 b5 9. Bc2 Bb7 10. Re1 Nb8 11. Nf1 c5 12. d4 cxd4 13. cxd4 Qc7 14. d5 Nbd7 15. Ne3 Nc5 16. Nf5 Rfe8 17. a3 Rac8 18. h3 Bf8 19. b4 Ncd7 20. Bd3 Nb6 21. Be3 Qd8 22. Re2 Nc4 23. Rc2 Nxe3 24. Nxe3 Rxc2 25. Qxc2 Qb6 26. Qd2 g6 27. Ng4 Nxg4 28. hxg4 Rc8 29. Rc1 Qd8 30. Kf1 Rxc1+ 31. Qxc1 Bc8 32. Qc6 Qd7 33. Qxd7 Bxd7 34. g5 Be7 35. Ke1 Bg4 36. Kd1 Bxf3+ 37. gxf3 Bxg5 38. a4 bxa4 39. Bxa6 h5 40. Kc2 Bh4 41. Kb2 Bxf2 42. Ka3 h4 43. Bf1 f5 44. Kxa4 Kf7 45. Kb5 Be1 46. Ka4 Kf6 47. b5 Bf2 48. Ka5 Ke7 49. b6 Kd7 50. Bh3 Kc8 51. exf5 gxf5 52. Bxf5+ Kb7 53. Kb5 Bxb6 54. Kc4 Bf2 55. Kd3 Kb6 56. Ke4 Kc5 57. Be6 Bg3 58. Bh3 Bf4 1/2-1/2

[Event "Sao Paulo op-C U1700 6th"]
[Site "Sao Paulo"]
[Date "2017.04.14"]
[Round "2"]
[White "Morimoto, Marcel"]
[Black "Queiroz, Maria Becker"]
[Result "1/2-1/2"]
[WhiteElo "1484"]
[BlackElo "1428"]
[PlyCount "63"]
[EventDate "2017.04.14"]
[EventType "swiss"]
[EventRounds "6"]
[EventCountry "BRA"]
[SourceTitle "EXT 2019"]
[Source "ChessBase"]
[SourceDate "2018.10.10"]
[SourceVersion "1"]
[SourceVersionDate "2018.10.10"]
[SourceQuality "1"]

1. d4 Nf6 2. Bf4 e6 3. e3 d5 4. Nf3 c5 5. c3 Nc6 6. Bd3 Bd6 7. Bg3 0-0 8. Nbd2 Re8 9. Qe2 b6 10. Ne5 Bb7 11. Bb5 Rc8 12. 0-0 Be7 13. h3 Nd7 14. Ndf3 f6 15. Nd3 Nf8 16. Nf4 Bd6 17. Bh2 Re7 18. Rfd1 Qc7 19. Bd3 Nd8 20. Bc2 Nf7 21. Nh5 Bxh2+ 22. Nxh2 e5 23. Qg4 Nh6 24. Nxf6+ Kh8 25. Qh4 cxd4 26. exd4 e4 27. Nfg4 Ng6 28. Qg5 Nxg4 29. Nxg4 Rf8 30. Rf1 Qf4 31. Qxf4 Nxf4 32. Rfe1 1/2-1/2

[Event "Sao Paulo op-C U1700 6th"]
[Site "Sao Paulo"]
[Date "2017.04.14"]
[Round "1"]
[White "Queiroz, Maria Becker"]
[Black "Pereira Fo, Hildebrando Apolon"]
[Result "1/2-1/2"]
[WhiteElo "1428"]
[BlackElo "1663"]
[PlyCount "111"]
[EventDate "2017.04.14"]
[EventType "swiss"]
[EventRounds "6"]
[EventCountry "BRA"]
[SourceTitle "EXT 2019"]
[Source "ChessBase"]
[SourceDate "2018.10.10"]
[SourceVersion "1"]
[SourceVersionDate "2018.10.10"]
[SourceQuality "1"]

1. e4 c5 2. Nf3 d6 3. Bb5+ Bd7 4. Bxd7+ Nxd7 5. d3 g6 6. Nc3 Bg7 7. 0-0 Ngf6 8. h3 0-0 9. Be3 a6 10. Qd2 Qc7 11. Bh6 Rfd8 12. Bxg7 Kxg7 13. Nh2 c4 14. f4 Nc5 15. dxc4 Ncxe4 16. Nxe4 Nxe4 17. Qd4+ Nf6 18. Nf3 Qc5 19. Rfe1 Kf8 20. Rad1 h6 21. Kf1 Qxd4 22. Nxd4 Rac8 23. b3 d5 24. cxd5 Nxd5 25. g3 Nb4 26. a3 Rxd4 27. axb4 Rcd8 28. Ke2 Re4+ 29. Kf3 Rxd1 30. Rxe4 e6 31. Rc4 Ke7 32. Rc7+ Rd7 33. Rxd7+ Kxd7 34. Ke4 Kd6 35. c4 f6 36. g4 g5 37. f5 e5 38. Ke3 Kc6 39. Ke4 b6 40. Ke3 a5 41. bxa5 bxa5 42. Ke4 Kc5 43. Kd3 Kb4 44. Ke4 a4 45. bxa4 Kxc4 46. a5 Kb5 47. a6 Kxa6 48. Kd5 Kb5 49. Ke6 e4 50. Kxf6 e3 51. Kg7 e2 52. f6 e1Q 53. f7 Qe7 54. Kg8 Qe6 55. Kg7 Qd7 56. Kg8 1/2-1/2

[Event "Florianopolis op 3rd"]
[Site "Florianopolis"]
[Date "2017.01.23"]
[Round "5"]
[White "Queiroz, Maria Becker"]
[Black "Crul, Otavio Augusto Barr"]
[Result "0-1"]
[WhiteElo "1429"]
[BlackElo "1812"]
[PlyCount "86"]
[EventDate "2017.01.20"]
[EventType "swiss"]
[EventRounds "10"]
[EventCountry "BRA"]
[SourceTitle "CBM 176 Extra"]
[Source "ChessBase"]
[SourceDate "2017.03.02"]
[SourceVersion "1"]
[SourceVersionDate "2017.03.02"]
[SourceQuality "1"]

1. e4 e5 2. Nf3 Nc6 3. Bb5 Nf6 4. d3 Bc5 5. Bg5 d6 6. c3 0-0 7. 0-0 h6 8. Bh4 g5 9. Bg3 Nh5 10. Nbd2 Nxg3 11. hxg3 a6 12. Ba4 Bg4 13. Qc2 Ba7 14. Bb3 Qf6 15. Rae1 h5 16. Nh2 Be6 17. Ndf3 h4 18. gxh4 g4 19. Bxe6 gxf3 20. Bh3 fxg2 21. Bxg2 Qxh4 22. Qe2 f6 23. Qg4+ Qg5 24. Kh1 Kg7 25. f4 Qxg4 26. Nxg4 Rh8+ 27. Nh2 Rh4 28. Re2 Rah8 29. Bf3 b5 30. Rg2+ Kf7 31. fxe5 dxe5 32. Bd1 R8h7 33. Bb3+ Ke7 34. Re1 Nd8 35. Ree2 Ne6 36. Bxe6 Kxe6 37. Rg8 a5 38. Re8+ Kf7 39. Rc8 Bb6 40. Rg2 Rf4 41. Re2 Rf1+ 42. Kg2 Rg1+ 43. Kf3 Rh3# 0-1

[Event "BRA-ch U16 Girls"]
[Site "Itajai"]
[Date "2016.06.10"]
[Round "3"]
[White "Queiroz, Maria Becker"]
[Black "Blau, Vitoria Caroline"]
[Result "1-0"]
[WhiteElo "1391"]
[BlackElo "1377"]
[PlyCount "93"]
[EventDate "2016.06.09"]
[EventType "swiss"]
[EventRounds "6"]
[EventCountry "BRA"]
[SourceTitle "CBM 172 Extra"]
[Source "ChessBase"]
[SourceDate "2016.06.21"]
[SourceVersion "1"]
[SourceVersionDate "2016.06.21"]
[SourceQuality "1"]

1. e4 c5 2. Nf3 d6 3. d4 cxd4 4. Nxd4 a6 5. Nc3 e5 6. Nf3 Nf6 7. Bg5 Be7 8. g3 Nbd7 9. Bg2 b5 10. 0-0 Bb7 11. Nd2 0-0 12. a3 Nb6 13. Re1 Re8 14. Nf1 d5 15. Bxf6 Bxf6 16. exd5 Qd6 17. Ne3 Rad8 18. Ne4 Qe7 19. Nf5 Qd7 20. Nxf6+ Kh8 21. Nxd7 Rxd7 22. Ne3 Red8 23. Qh5 f6 24. Rad1 Kg8 25. Qf5 Rd6 26. Rd2 Bc8 27. Qh5 Rf8 28. Red1 a5 29. Be4 h6 30. Qg6 Rf7 31. Qh7+ Kf8 32. Qh8+ Ke7 33. Nf5+ Bxf5 34. Bxf5 Rf8 35. Qxg7+ Ke8 36. Bg6+ Kd8 37. Qxf8+ Kd7 38. Bf5+ Kc7 39. Qe7+ Rd7 40. d6+ Kc8 41. Qe8+ Kb7 42. Bxd7 Nxd7 43. Qxd7+ Kb8 44. Qc7+ Ka8 45. d7 b4 46. Rd6 bxa3 47. Ra6# 1-0

[Event "Sao Paulo op-B U2050 4th"]
[Site "Sao Paulo"]
[Date "2016.03.26"]
[Round "4"]
[White "Takano, Nicholas Ryo"]
[Black "Queiroz, Maria Becker"]
[Result "1-0"]
[WhiteElo "1570"]
[BlackElo "1382"]
[PlyCount "51"]
[EventDate "2016.03.24"]
[EventType "swiss"]
[EventRounds "7"]
[EventCountry "BRA"]
[SourceTitle "CBM 171 Extra"]
[Source "ChessBase"]
[SourceDate "2016.04.26"]
[SourceVersion "1"]
[SourceVersionDate "2016.04.26"]
[SourceQuality "1"]

1. e4 c5 2. Nf3 e6 3. d4 cxd4 4. Nxd4 Nc6 5. Nc3 Qc7 6. a3 a6 7. Be3 Nf6 8. f3 Be7 9. Qd2 0-0 10. g4 b5 11. 0-0-0 Rd8 12. h4 Kh8 13. h5 Ng8 14. g5 Bf8 15. g6 fxg6 16. hxg6 h6 17. f4 Be7 18. f5 exf5 19. Nxf5 Qe5 20. Nxh6 Nxh6 21. Bxh6 Kg8 22. Bf4 Qe6 23. Bd3 Bb7 24. Rdg1 Bf6 25. Qh2 Kf8 26. Bd6+ 1-0

[Event "Sao Paulo op-B U2050 4th"]
[Site "Sao Paulo"]
[Date "2016.03.25"]
[Round "3"]
[White "Queiroz, Maria Becker"]
[Black "Ribeiro, Cesar Augusto Basag"]
[Result "1-0"]
[WhiteElo "1382"]
[BlackElo "1422"]
[PlyCount "95"]
[EventDate "2016.03.24"]
[EventType "swiss"]
[EventRounds "7"]
[EventCountry "BRA"]
[SourceTitle "CBM 171 Extra"]
[Source "ChessBase"]
[SourceDate "2016.04.26"]
[SourceVersion "1"]
[SourceVersionDate "2016.04.26"]
[SourceQuality "1"]

1. e4 d6 2. d4 g6 3. Nf3 Bg7 4. Nc3 Nf6 5. g3 0-0 6. Bg2 Bd7 7. 0-0 Nc6 8. Bg5 Qe8 9. Re1 h6 10. Be3 a6 11. e5 Ng4 12. exd6 cxd6 13. Qd2 Bc8 14. h3 Nxe3 15. Rxe3 Bf5 16. a3 Qc8 17. g4 Bd7 18. Nd5 Be6 19. Nb6 Qb8 20. Nxa8 Qxa8 21. d5 Bd7 22. dxc6 bxc6 23. Rxe7 Qb7 24. Rb1 Bf6 25. Re2 Qc8 26. Qxh6 a5 27. Ng5 Bxg5 28. Qxg5 Qa6 29. Rbe1 Qb5 30. Qxb5 cxb5 31. Re7 Rd8 32. Bd5 Re8 33. Rxe8+ Bxe8 34. Rxe8+ Kg7 35. Re7 Kf6 36. Rxf7+ Ke5 37. Bc6 Ke6 38. Rf3 Ke5 39. Bxb5 Ke4 40. Kg2 g5 41. b4 axb4 42. axb4 d5 43. Bc6 Ke5 44. b5 d4 45. b6 Kd6 46. b7 Kc7 47. Rf8 Kxc6 48. b8Q 1-0

[Event "BRA-ch U16 Girls 31th"]
[Site "Lages"]
[Date "2015.05.16"]
[Round "4"]
[White "Vercino, Gabriela"]
[Black "Queiroz, Maria Becker"]
[Result "1-0"]
[WhiteElo "1587"]
[BlackElo "1402"]
[PlyCount "99"]
[EventDate "2015.05.14"]
[EventType "swiss"]
[EventRounds "6"]
[EventCountry "BRA"]
[SourceTitle "EXT 2022"]
[Source "ChessBase"]
[SourceDate "2021.10.06"]
[SourceVersion "1"]
[SourceVersionDate "2021.10.06"]
[SourceQuality "1"]

1. d4 d5 2. Bf4 Nf6 3. e3 e6 4. Nf3 b6 5. Bb5+ Nbd7 6. Ne5 Bb7 7. Bg5 c6 8. Bxf6 gxf6 9. Nxc6 Qc7 10. Nxa7 Rxa7 11. c3 Rg8 12. g3 Bd6 13. Qf3 Ke7 14. Bd3 Rh8 15. Nd2 f5 16. Qe2 Nf6 17. a3 h5 18. h4 Ng4 19. Rg1 Bc6 20. Nf3 Rb8 21. Ng5 b5 22. Kd2 Bd7 23. Nf3 e5 24. dxe5 Bxe5 25. Nd4 Bxd4 26. exd4+ Kf8 27. Qf3 Qd6 28. Bxf5 Bxf5 29. Qxf5 Nf6 30. Rge1 Re8 31. Rxe8+ Kxe8 32. Re1+ Re7 33. Qc8+ Qd8 34. Qc6+ Qd7 35. Qxf6 Rxe1 36. Kxe1 Qe6+ 37. Qxe6+ fxe6 38. Kd2 Kf7 39. Kc2 Kf6 40. Kb3 Kf5 41. f3 e5 42. dxe5 Kxe5 43. Kb4 d4 44. cxd4+ Kxd4 45. Kxb5 Ke3 46. f4 Kf3 47. f5 Kxg3 48. f6 Kxh4 49. f7 Kg4 50. f8Q 1-0

[Event "BRA-ch U16 Girls 31th"]
[Site "Lages"]
[Date "2015.05.15"]
[Round "2"]
[White "Vescovi, Katherine Lemos"]
[Black "Queiroz, Maria Becker"]
[Result "1-0"]
[WhiteElo "1865"]
[BlackElo "1402"]
[PlyCount "119"]
[EventDate "2015.05.14"]
[EventType "swiss"]
[EventRounds "6"]
[EventCountry "BRA"]
[SourceTitle "EXT 2022"]
[Source "ChessBase"]
[SourceDate "2021.10.06"]
[SourceVersion "1"]
[SourceVersionDate "2021.10.06"]
[SourceQuality "1"]

1. e4 c5 2. Nf3 Nc6 3. Bc4 e6 4. Nc3 Nge7 5. d4 cxd4 6. Nxd4 Nxd4 7. Qxd4 Nc6 8. Qd1 Bb4 9. Bd2 0-0 10. 0-0 b6 11. a3 Be7 12. Bf4 e5 13. Bg3 Bb7 14. Bd5 d6 15. Re1 a6 16. Qd2 Qc7 17. Rad1 Rad8 18. b4 b5 19. Ne2 Rd7 20. Rc1 Rc8 21. c4 bxc4 22. Rxc4 Qb6 23. Rec1 Rdc7 24. h3 Nd8 25. Rxc7 Rxc7 26. Rxc7 Qxc7 27. Qc3 Qxc3 28. Nxc3 Kf8 29. Kf1 Ke8 30. Ke2 Kd7 31. Kd3 Kc7 32. Kc4 f6 33. f3 Nc6 34. Bf2 Bd8 35. a4 Nb8 36. Bxb7 Kxb7 37. Kd5 Bc7 38. b5 Ba5 39. bxa6+ Nxa6 40. Nb5 Nc7+ 41. Kxd6 Nxb5+ 42. axb5 Bc3 43. Bc5 Bd4 44. Kd5 Bc3 45. Bf8 Bd2 46. Bxg7 Bg5 47. g3 Kb6 48. h4 Be3 49. Bxf6 Kxb5 50. Bxe5 Kb6 51. Bd4+ Bxd4 52. Kxd4 Kc6 53. f4 Kd6 54. e5+ Ke6 55. Ke4 Kf7 56. f5 h6 57. g4 Kg7 58. g5 hxg5 59. hxg5 Kf7 60. e6+ 1-0

[Event "Mogi das Cruzes op 08"]
[Site "Mogi das Cruzes"]
[Date "2013.08.18"]
[Round "5"]
[White "De Souza, Eduardo Pereira"]
[Black "Queiroz, Maria Becker"]
[Result "1-0"]
[WhiteElo "1374"]
[BlackElo "1640"]
[PlyCount "87"]
[EventDate "2013.08.16"]
[EventType "swiss"]
[EventRounds "6"]
[EventCountry "BRA"]
[SourceTitle "CBM 155 Extra"]
[Source "ChessBase"]
[SourceDate "2013.08.26"]
[SourceVersion "1"]
[SourceVersionDate "2013.08.26"]
[SourceQuality "1"]

1. c4 e5 2. Nc3 Nc6 3. g3 Nf6 4. Bg2 Bc5 5. e3 0-0 6. Nge2 b6 7. 0-0 Bb7 8. d4 Be7 9. dxe5 Ng4 10. Nf4 Ngxe5 11. b3 Rb8 12. Bb2 Bf6 13. a3 a5 14. Ne4 Bg5 15. Nh5 f5 16. Nxg5 Qxg5 17. f4 Qg4 18. Qxg4 Nxg4 19. Bd5+ Rf7 20. Rfd1 Ne7 21. Bxf7+ Kxf7 22. Rxd7 Nf6 23. Bxf6 gxf6 24. Kf2 Re8 25. Rxc7 Be4 26. Rd1 Kg6 27. g4 fxg4 28. Ng3 Bc2 29. Rdd7 Nf5 30. Nxf5 Kxf5 31. c5 Bxb3 32. cxb6 Rb8 33. b7 Ba4 34. Rc8 Rxb7 35. Rxb7 Bd1 36. Rxh7 a4 37. Rh6 Bb3 38. Rf8 Ke4 39. Rhxf6 Kd3 40. Rc8 Ke4 41. Rd6 Kf5 42. Kg3 Ke4 43. Re8+ Kf5 44. Re5# 1-0

[Event "Mogi das Cruzes op 08"]
[Site "Mogi das Cruzes"]
[Date "2013.08.16"]
[Round "2"]
[White "Schwertner, Joao Victor Moreir"]
[Black "Queiroz, Maria Becker"]
[Result "1-0"]
[WhiteElo "1663"]
[BlackElo "1640"]
[PlyCount "45"]
[EventDate "2013.08.16"]
[EventType "swiss"]
[EventRounds "6"]
[EventCountry "BRA"]
[SourceTitle "CBM 155 Extra"]
[Source "ChessBase"]
[SourceDate "2013.08.26"]
[SourceVersion "1"]
[SourceVersionDate "2013.08.26"]
[SourceQuality "1"]

1. e4 e5 2. Nf3 Nc6 3. Bc4 h6 4. c3 Nf6 5. 0-0 d5 6. exd5 Nxd5 7. Re1 f6 8. d4 Bg4 9. dxe5 Nde7 10. exf6 gxf6 11. Qb3 Bh5 12. Nbd2 Qd6 13. Ne4 Qd7 14. Nxf6+ Kd8 15. Nxd7 Kxd7 16. Ne5+ Nxe5 17. Rxe5 Bg6 18. Qxb7 Re8 19. Bf4 Rh7 20. Rd1+ Nd5 21. Rdxd5+ Bd6 22. Bb5+ Kd8 23. Qb8# 1-0